Commutative group algebras

Αποθηκεύτηκε σε:
Λεπτομέρειες βιβλιογραφικής εγγραφής
Κύριος συγγραφέας: Karpilovsky, Gregory 1940-
Μορφή: Βιβλίο
Γλώσσα:English
Δημοσίευση: New York : M. Dekker, c1983
Σειρά:Monographs and textbooks in pure and applied mathematics ; ; 78
Θέματα:
Ετικέτες: Προσθήκη ετικέτας
Δεν υπάρχουν, Καταχωρήστε ετικέτα πρώτοι!

MARC

LEADER 00000cam a2200000 i 4500
001 1/51874
008 941103s1983 eng d
020 |a 0824719182 
035 |l 10044263 
040 |a GR-MY-UA  |b gre  |e aacr 
041 0 |a eng 
082 0 |a 512.24  |2 (19) 
100 1 |a Karpilovsky, Gregory  |d 1940- 
245 1 0 |a Commutative group algebras /  |c Gregory Karpilovsky 
260 |a New York :   |b M. Dekker,   |c c1983 
300 |a x, 223 p.;  |c 23 cm 
490 1 |a Monographs and textbooks in pure and applied mathematics  |v ; 78 
504 |a Includes bibliographical references and index 
650 0 0 |a Commutative algebra. 
650 0 0 |a Group algebras. 
650 0 0 |a Abelian groups. 
830 0 |a Monographs and textbooks in pure and applied mathematics ;  |v ; 78 
852 |a INST  |b SAMOS  |e 19941103  |h 512.24 KAR  |p 005300007856  |q 005300007856  |t BK  |y 0 
909 |a Σ  |b 030274